| 000 -LEADER |
| fixed length control field |
00365cam a22001097a 4500 |
| 008 - FIXED-LENGTH DATA ELEMENTS--GENERAL INFORMATION |
| fixed length control field |
180718b1987 xxu||||| |||| 00| 0 eng d |
| 082 ## - DEWEY DECIMAL CLASSIFICATION NUMBER |
| Classification number |
T112x5433 P969/1980-87 |
| 245 ## - TITLE STATEMENT |
| Title |
Estimates of state income of Punjab |
| Statement of responsibility, etc. |
by Economic Adviser to Government |
| 260 ## - PUBLICATION, DISTRIBUTION, ETC. |
| Place of publication, distribution, etc. |
Chandigarh |
| Name of publisher, distributor, etc. |
Government of Punjab |
| Date of publication, distribution, etc. |
1987 |
| 300 ## - PHYSICAL DESCRIPTION |
| Extent |
65p |
| 700 ## - ADDED ENTRY--PERSONAL NAME |
| Personal name |
Punjab. Economic Adviser to Government |